[Event "46th Greek Team Championship"]
[Site "chess24.com"]
[Date "2018.07.15"]
[Round "7"]
[White "Papakonstantinou, Dimitrios 2"]
[Black "Samaridis, Konstantinos"]
[Result "0-1"]
[Board "8"]
[WhiteElo "2028"]
[WhiteCountry "GRE"]
[WhiteFideId "4250990"]
[WhiteEloChange "-8"]
[BlackElo "2103"]
[BlackCountry "GRE"]
[BlackFideId "4262867"]
[BlackEloChange "8"]

1. d4 {[%clk 1:30:57]} Nf6 {[%clk 1:30:39]} 2. Nf3 {[%clk 1:31:12]} d5 {[%clk
1:30:44]} 3. c4 {[%clk 1:30:32]} e6 {[%clk 1:30:58]} 4. Nc3 {[%clk 1:30:43]} dxc4
{[%clk 1:27:59]} 5. e3 {[%clk 1:30:56]} a6 {[%clk 1:28:23]} 6. a4 {[%clk
1:31:21]} c5 {[%clk 1:28:44]} 7. Bxc4 {[%clk 1:31:44]} Nc6 {[%clk 1:29:04]} 8.
O-O {[%clk 1:32:07]} Be7 {[%clk 1:29:29]} 9. b3 {[%clk 1:31:01]} O-O {[%clk
1:27:30]} 10. Bb2 {[%clk 1:31:04]} cxd4 {[%clk 1:26:32]} 11. exd4 {[%clk
1:28:57]} Nb4 {[%clk 1:25:19]} 12. Ne5 {[%clk 1:11:06]} b6 {[%clk 1:20:59]} 13.
Qf3 {[%clk 0:41:32]} Ra7 {[%clk 1:15:44]} 14. Rad1 {[%clk 0:39:43]} Bb7 {[%clk
1:14:32]} 15. Qh3 {[%clk 0:40:08]} Nbd5 {[%clk 1:10:02]} 16. Ne2 {[%clk 0:38:30]}
g6 {[%clk 0:45:25]} 17. Bc1 {[%clk 0:33:49]} Nh5 {[%clk 0:42:09]} 18. f4 {[%clk
0:26:46]} Ng7 {[%clk 0:37:34]} 19. Ng3 {[%clk 0:10:37]} b5 {[%clk 0:22:15]} 20.
Bd3 {[%clk 0:09:23]} Nc3 {[%clk 0:12:57]} 21. Rde1 {[%clk 0:09:41]} Nf5 {[%clk
0:13:15]} 22. Nxf5 {[%clk 0:09:44]} exf5 {[%clk 0:12:47]} 23. Bxf5 {[%clk
0:09:56]} Na2 {[%clk 0:11:08]} 24. Be4 {[%clk 0:07:06]} Bb4 {[%clk 0:05:42]} 25.
Bxb7 {[%clk 0:05:13]} Rxb7 {[%clk 0:02:40]} 26. Nc6 {[%clk 0:05:35]} Qd6 {[%clk
0:01:59]} 27. Nxb4 {[%clk 0:05:47]} Qxd4+ {[%clk 0:01:17]} 28. Qe3 {[%clk
0:05:53]} Qxb4 {[%clk 0:01:01]} 29. Bd2 {[%clk 0:01:39]} Qa3 {[%clk 0:00:54]} 30.
f5 {[%clk 0:01:54]} bxa4 {[%clk 0:00:39]} 31. f6 {[%clk 0:01:50]} Rd8 {[%clk
0:00:35]} 32. Ba5 {[%clk 0:00:48]} Rxb3 {[%clk 0:00:41]} 33. Qxb3 {[%clk
0:00:34]} axb3 {[%clk 0:00:37]} 34. Bxd8 {[%clk 0:01:01]} h5 {[%clk 0:00:53]} 35.
Re8+ {[%clk 0:01:07]} Kh7 {[%clk 0:01:20]} 36. Be7 {[%clk 0:01:31]} Qa4 {[%clk
0:00:59]} 37. Rd8 {[%clk 0:01:45]} b2 {[%clk 0:00:54]} 38. Bf8 {[%clk 0:01:38]}
g5 {[%clk 0:00:35]} 39. Bg7 {[%clk 0:01:59]} Kg6 {[%clk 0:00:42]} 40. Rh8 {[%clk
0:30:38]} g4 {[%clk 0:30:53]} 41. Rg8 {[%clk 0:06:46]} Qd4+ {[%clk 0:30:25]} 42.
Kh1 {[%clk 0:07:08]} Qd3 {[%clk 0:29:32]} 43. Bf8+ {[%clk 0:05:11]} Kh7 {[%clk
0:29:56]} 44. Rg7+ {[%clk 0:05:38]} Kh8 {[%clk 0:30:19]} 0-1

[Event "46th Greek Team Championship"]
[Site "chess24.com"]
[Date "2018.07.15"]
[Round "7"]
[White "Dimopoulos, Symeon"]
[Black "Grigoriadis, Mihail"]
[Result "0-1"]
[Board "3"]
[WhiteElo "2020"]
[WhiteCountry "GRE"]
[WhiteFideId "4221010"]
[WhiteEloChange "-4"]
[BlackElo "2236"]
[BlackCountry "GRE"]
[BlackFideId "4231996"]
[BlackEloChange "4"]

1. e4 {[%clk 1:30:54]} d6 {[%clk 1:10:03]} 2. d4 {[%clk 1:29:33]} Nf6 {[%clk
1:10:25]} 3. Nc3 {[%clk 1:28:03]} Nbd7 {[%clk 1:10:47]} 4. h3 {[%clk 1:21:36]} e5
{[%clk 1:10:58]} 5. Nf3 {[%clk 1:21:06]} Be7 {[%clk 1:11:12]} 6. Be3 {[%clk
1:18:34]} c6 {[%clk 1:10:53]} 7. a4 {[%clk 1:15:41]} Qc7 {[%clk 1:10:35]} 8. Be2
{[%clk 1:13:31]} Nf8 {[%clk 1:08:16]} 9. Qd2 {[%clk 1:11:23]} h6 {[%clk 1:06:09]}
10. Bd3 {[%clk 1:03:04]} Bd7 {[%clk 1:03:36]} 11. dxe5 {[%clk 0:49:45]} dxe5
{[%clk 1:03:59]} 12. Ne2 {[%clk 0:49:24]} Ne6 {[%clk 1:03:15]} 13. Ng3 {[%clk
0:45:40]} a5 {[%clk 0:41:22]} 14. c3 {[%clk 0:28:06]} Bc5 {[%clk 0:40:22]} 15.
Bc4 {[%clk 0:14:35]} Bxe3 {[%clk 0:23:31]} 16. Qxe3 {[%clk 0:14:47]} O-O {[%clk
0:23:42]} 17. Bxe6 {[%clk 0:10:46]} Bxe6 {[%clk 0:24:00]} 18. O-O {[%clk
0:11:10]} Rfd8 {[%clk 0:21:42]} 19. Nf5 {[%clk 0:10:16]} b6 {[%clk 0:18:42]} 20.
g4 {[%clk 0:09:41]} Bxf5 {[%clk 0:16:16]} 21. exf5 {[%clk 0:09:37]} Re8 {[%clk
0:15:20]} 22. Rfd1 {[%clk 0:08:51]} e4 {[%clk 0:15:10]} 23. Nd4 {[%clk 0:07:30]}
Re5 {[%clk 0:14:17]} 24. Qg3 {[%clk 0:06:48]} Rae8 {[%clk 0:14:28]} 25. Nc2
{[%clk 0:06:10]} Nd5 {[%clk 0:13:33]} 26. Ne3 {[%clk 0:06:28]} Nxe3 {[%clk
0:11:25]} 27. Qxe3 {[%clk 0:05:58]} Qe7 {[%clk 0:11:22]} 28. Kg2 {[%clk 0:05:00]}
h5 {[%clk 0:10:46]} 29. Re1 {[%clk 0:04:31]} Qh4 {[%clk 0:04:58]} 30. Qg3 {[%clk
0:04:36]} Qxg3+ {[%clk 0:04:51]} 31. Kxg3 {[%clk 0:04:12]} e3 {[%clk 0:02:46]}
32. f4 {[%clk 0:02:50]} Rd5 {[%clk 0:02:49]} 33. Re2 {[%clk 0:03:08]} Rd2 {[%clk
0:01:58]} 34. Kf3 {[%clk 0:01:49]} h4 {[%clk 0:01:15]} 35. Rxd2 {[%clk 0:01:37]}
exd2 {[%clk 0:01:43]} 36. Rd1 {[%clk 0:02:03]} Rd8 {[%clk 0:01:06]} 37. Ke3
{[%clk 0:02:16]} Re8+ {[%clk 0:01:22]} 38. Kd3 {[%clk 0:01:18]} Re1 {[%clk
0:01:34]} 39. Rxd2 {[%clk 0:01:01]} Rh1 {[%clk 0:01:43]} 40. b4 {[%clk 0:30:57]}
Rxh3+ {[%clk 0:32:00]} 41. Kc4 {[%clk 0:29:57]} Rf3 {[%clk 0:31:49]} 42. Rd4
{[%clk 0:12:30]} h3 {[%clk 0:25:39]} 43. b5 {[%clk 0:12:12]} h2 {[%clk 0:24:23]}
44. bxc6 {[%clk 0:05:10]} h1Q {[%clk 0:24:43]} 45. c7 {[%clk 0:05:32]} Qf1+
{[%clk 0:25:07]} 46. Kb3 {[%clk 0:05:25]} Qb1+ {[%clk 0:25:28]} 47. Kc4 {[%clk
0:05:36]} Qa2+ {[%clk 0:25:09]} 48. Kb5 {[%clk 0:05:45]} Rxc3 {[%clk 0:25:30]}
49. Rd8+ {[%clk 0:05:23]} Kh7 {[%clk 0:25:52]} 50. c8Q {[%clk 0:05:37]} Qb3+
{[%clk 0:25:38]} 51. Ka6 {[%clk 0:05:54]} Rxc8 {[%clk 0:26:01]} 52. Rxc8 {[%clk
0:06:17]} Qxa4 {[%clk 0:26:26]} 0-1

[Event "46th Greek Team Championship"]
[Site "chess24.com"]
[Date "2018.07.15"]
[Round "7"]
[White "Tsavdaras, Dimitrios"]
[Black "Makridis, Dimitrios"]
[Result "0-1"]
[Board "10"]
[WhiteElo "1214"]
[WhiteCountry "GRE"]
[WhiteFideId "25847414"]
[WhiteEloChange "-2"]
[BlackElo "1565"]
[BlackCountry "GRE"]
[BlackFideId "25864475"]
[BlackEloChange "2"]

1. e4 {[%clk 1:30:57]} c5 {[%clk 1:30:42]} 2. Nf3 {[%clk 1:31:21]} e6 {[%clk
1:31:08]} 3. d4 {[%clk 1:31:07]} cxd4 {[%clk 1:31:33]} 4. Nxd4 {[%clk 1:31:31]}
a6 {[%clk 1:31:58]} 5. c4 {[%clk 1:31:27]} Nf6 {[%clk 1:32:24]} 6. Nc3 {[%clk
1:31:44]} Qc7 {[%clk 1:32:49]} 7. Be3 {[%clk 1:31:42]} b6 {[%clk 1:33:03]} 8. Be2
{[%clk 1:31:51]} Bb7 {[%clk 1:33:29]} 9. f3 {[%clk 1:32:14]} Be7 {[%clk 1:33:50]}
10. O-O {[%clk 1:32:19]} d6 {[%clk 1:34:10]} 11. Qd2 {[%clk 1:31:52]} Nbd7 {[%clk
1:33:35]} 12. b4 {[%clk 1:30:03]} O-O {[%clk 1:33:11]} 13. Rfc1 {[%clk 1:28:46]}
Rac8 {[%clk 1:32:12]} 14. a4 {[%clk 1:27:51]} Qb8 {[%clk 1:22:40]} 15. Nb3 {[%clk
1:21:11]} d5 {[%clk 1:14:04]} 16. exd5 {[%clk 1:20:10]} Bxb4 {[%clk 1:03:31]} 17.
dxe6 {[%clk 1:17:25]} fxe6 {[%clk 1:03:51]} 18. a5 {[%clk 1:17:43]} b5 {[%clk
0:54:51]} 19. cxb5 {[%clk 1:17:02]} Nd5 {[%clk 0:54:04]} 20. Bd4 {[%clk 1:16:19]}
e5 {[%clk 0:51:52]} 21. bxa6 {[%clk 1:15:44]} exd4 {[%clk 0:51:45]} 22. axb7
{[%clk 1:15:51]} Qxb7 {[%clk 0:50:21]} 23. Nxd5 {[%clk 1:14:16]} Bxd2 {[%clk
0:50:37]} 24. Rxc8 {[%clk 1:14:27]} Rxc8 {[%clk 0:45:19]} 25. Ne7+ {[%clk
1:14:50]} Kf8 {[%clk 0:44:00]} 26. Nxc8 {[%clk 1:15:13]} Qxb3 {[%clk 0:44:01]}
27. a6 {[%clk 1:14:49]} Be3+ {[%clk 0:44:29]} 28. Kf1 {[%clk 1:15:08]} d3 {[%clk
0:44:45]} 29. a7 {[%clk 1:15:29]} dxe2+ {[%clk 0:45:02]} 30. Kxe2 {[%clk
1:15:39]} Qb2+ {[%clk 0:45:24]} 31. Kxe3 {[%clk 1:16:05]} Qxa1 {[%clk 0:45:48]}
32. a8Q {[%clk 1:16:03]} Qxa8 {[%clk 0:46:09]} 0-1

[Event "46th Greek Team Championship"]
[Site "chess24.com"]
[Date "2018.07.15"]
[Round "7"]
[White "Antoniadou, Paraskevi"]
[Black "Makropoulou, Marina"]
[Result "0-1"]
[Board "5"]
[WhiteElo "1764"]
[WhiteCountry "GRE"]
[WhiteFideId "4220676"]
[WhiteEloChange "-2"]
[BlackElo "2135"]
[BlackTitle "WGM"]
[BlackCountry "GRE"]
[BlackFideId "4200187"]
[BlackEloChange "2"]

1. e4 {[%clk 1:28:39]} c5 {[%clk 1:30:43]} 2. Nf3 {[%clk 1:28:51]} e6 {[%clk
1:31:09]} 3. c3 {[%clk 1:29:14]} d5 {[%clk 1:31:32]} 4. exd5 {[%clk 1:29:38]}
exd5 {[%clk 1:31:38]} 5. d4 {[%clk 1:30:01]} Nc6 {[%clk 1:31:53]} 6. Bb5 {[%clk
1:30:03]} Bd6 {[%clk 1:31:54]} 7. O-O {[%clk 1:30:06]} Ne7 {[%clk 1:32:19]} 8.
dxc5 {[%clk 1:29:25]} Bxc5 {[%clk 1:32:45]} 9. Nbd2 {[%clk 1:28:40]} O-O {[%clk
1:32:51]} 10. Nb3 {[%clk 1:28:40]} Bd6 {[%clk 1:32:31]} 11. Bd3 {[%clk 1:27:26]}
Ng6 {[%clk 1:24:43]} 12. Bc2 {[%clk 1:24:43]} Bc7 {[%clk 1:22:14]} 13. Nfd4
{[%clk 1:18:11]} Qh4 {[%clk 1:14:28]} 14. g3 {[%clk 1:17:00]} Qh3 {[%clk
1:14:20]} 15. f4 {[%clk 1:13:26]} Bg4 {[%clk 1:08:57]} 16. Qd2 {[%clk 1:10:24]}
Rfe8 {[%clk 1:05:24]} 17. Qf2 {[%clk 1:02:55]} Bb6 {[%clk 1:02:07]} 18. Be3
{[%clk 1:02:46]} Nh4 {[%clk 1:02:07]} 19. gxh4 {[%clk 0:56:14]} Rxe3 {[%clk
1:02:09]} 20. Bd1 {[%clk 0:56:01]} Rae8 {[%clk 0:59:58]} 21. Qg2 {[%clk 0:54:35]}
Qxg2+ {[%clk 1:00:09]} 22. Kxg2 {[%clk 0:55:00]} Bh3+ {[%clk 1:00:31]} 23. Kf2
{[%clk 0:54:36]} Nxd4 {[%clk 0:56:51]} 24. cxd4 {[%clk 0:54:47]} Bxf1 {[%clk
0:57:13]} 25. Kxf1 {[%clk 0:55:13]} Re1+ {[%clk 0:57:20]} 26. Kg2 {[%clk
0:54:57]} Bd8 {[%clk 0:56:15]} 27. h5 {[%clk 0:54:13]} Bc7 {[%clk 0:47:48]} 28.
f5 {[%clk 0:52:26]} Bf4 {[%clk 0:48:03]} 29. Bf3 {[%clk 0:46:22]} Rxa1 {[%clk
0:47:50]} 30. Nxa1 {[%clk 0:46:47]} Re1 {[%clk 0:46:28]} 31. Nc2 {[%clk 0:46:58]}
Rb1 {[%clk 0:44:12]} 32. Bxd5 {[%clk 0:47:15]} Rxb2 {[%clk 0:44:21]} 33. Bb3
{[%clk 0:47:40]} a5 {[%clk 0:43:10]} 34. Kf3 {[%clk 0:47:10]} Bxh2 {[%clk
0:42:43]} 35. Ne3 {[%clk 0:46:54]} b5 {[%clk 0:41:17]} 36. Ng4 {[%clk 0:45:49]}
a4 {[%clk 0:40:25]} 37. Bd5 {[%clk 0:45:46]} b4 {[%clk 0:39:16]} 38. Ke3 {[%clk
0:43:46]} b3 {[%clk 0:39:09]} 39. axb3 {[%clk 0:39:42]} a3 {[%clk 0:39:00]} 0-1

[Event "46th Greek Team Championship"]
[Site "chess24.com"]
[Date "2018.07.15"]
[Round "7"]
[White "Trimitzios, Petros"]
[Black "Karapiperis, Alexandros"]
[Result "1-0"]
[Board "2"]
[WhiteElo "2300"]
[WhiteTitle "FM"]
[WhiteCountry "GRE"]
[WhiteFideId "25808796"]
[WhiteEloChange "3"]
[BlackElo "1973"]
[BlackCountry "GRE"]
[BlackFideId "4238540"]
[BlackEloChange "-3"]

1. Nf3 {[%clk 1:30:55]} d5 {[%clk 1:30:45]} 2. c4 {[%clk 1:30:40]} e6 {[%clk
1:31:06]} 3. d4 {[%clk 1:30:03]} Nf6 {[%clk 1:31:26]} 4. g3 {[%clk 1:29:46]} Be7
{[%clk 1:31:33]} 5. Bg2 {[%clk 1:30:02]} O-O {[%clk 1:31:38]} 6. Qc2 {[%clk
1:30:15]} c6 {[%clk 1:29:47]} 7. O-O {[%clk 1:30:39]} Nbd7 {[%clk 1:29:35]} 8.
Nbd2 {[%clk 1:29:48]} b6 {[%clk 1:29:55]} 9. e4 {[%clk 1:30:14]} Bb7 {[%clk
1:29:29]} 10. b3 {[%clk 1:30:16]} Rc8 {[%clk 1:27:42]} 11. Bb2 {[%clk 1:29:04]}
Qc7 {[%clk 1:24:21]} 12. Rac1 {[%clk 1:25:53]} Nxe4 {[%clk 1:23:53]} 13. Nxe4
{[%clk 1:25:57]} dxe4 {[%clk 1:24:17]} 14. Qxe4 {[%clk 1:26:19]} c5 {[%clk
1:24:37]} 15. Qe2 {[%clk 1:26:45]} Bf6 {[%clk 1:20:32]} 16. Rfd1 {[%clk 1:24:09]}
Bxf3 {[%clk 1:14:59]} 17. Bxf3 {[%clk 1:24:22]} cxd4 {[%clk 1:15:04]} 18. Bxd4
{[%clk 1:24:45]} Bxd4 {[%clk 1:15:21]} 19. Rxd4 {[%clk 1:25:09]} Ne5 {[%clk
1:14:51]} 20. Bg2 {[%clk 1:24:34]} Rfd8 {[%clk 1:14:27]} 21. Rcd1 {[%clk
1:23:59]} Rxd4 {[%clk 1:13:41]} 22. Rxd4 {[%clk 1:24:21]} Nc6 {[%clk 1:13:29]}
23. Rd2 {[%clk 1:24:28]} g6 {[%clk 1:11:49]} 24. Bxc6 {[%clk 1:22:24]} Qxc6
{[%clk 1:12:14]} 25. Qd3 {[%clk 1:22:49]} a5 {[%clk 1:06:49]} 26. Qd7 {[%clk
1:22:02]} Qc5 {[%clk 1:04:53]} 27. Qb7 {[%clk 1:20:19]} a4 {[%clk 0:56:41]} 28.
Rd7 {[%clk 1:19:18]} Rf8 {[%clk 0:57:07]} 29. Rc7 {[%clk 1:18:21]} Qb4 {[%clk
0:53:42]} 30. bxa4 {[%clk 1:17:34]} Qxa4 {[%clk 0:53:55]} 31. Qxb6 {[%clk
1:17:40]} Qxa2 {[%clk 0:54:04]} 32. Qb7 {[%clk 1:17:15]} Qa1+ {[%clk 0:51:25]}
33. Kg2 {[%clk 1:17:41]} Qa8 {[%clk 0:51:22]} 34. Rxf7 {[%clk 1:17:42]} Qxb7+
{[%clk 0:51:23]} 35. Rxb7 {[%clk 1:18:09]} Rc8 {[%clk 0:51:40]} 36. Rb4 {[%clk
1:18:24]} Kf7 {[%clk 0:51:08]} 37. Kf3 {[%clk 1:18:50]} Ke7 {[%clk 0:51:12]} 38.
Ke4 {[%clk 1:19:15]} Kd6 {[%clk 0:50:55]} 39. Rb6+ {[%clk 1:19:24]} Ke7 {[%clk
0:49:50]} 40. Kd4 {[%clk 1:49:43]} Rd8+ {[%clk 1:18:52]} 41. Ke5 {[%clk 1:50:08]}
Rd2 {[%clk 1:18:50]} 42. Rxe6+ {[%clk 1:49:26]} Kd7 {[%clk 1:19:15]} 43. Rf6
{[%clk 1:49:36]} Ke7 {[%clk 1:19:05]} 44. Rf3 {[%clk 1:50:00]} Rd1 {[%clk
1:18:47]} 45. Ra3 {[%clk 1:50:09]} h5 {[%clk 1:18:02]} 46. Ra7+ {[%clk 1:48:41]}
Kd8 {[%clk 1:18:27]} 47. Kf6 {[%clk 1:48:57]} Rd2 {[%clk 1:18:21]} 48. Kxg6
{[%clk 1:48:30]} Rxf2 {[%clk 1:18:45]} 49. Kxh5 {[%clk 1:48:22]} Rxh2+ {[%clk
1:19:05]} 50. Kg5 {[%clk 1:48:39]} Rc2 {[%clk 1:18:57]} 51. Ra4 {[%clk 1:48:55]}
Ke7 {[%clk 1:18:39]} 52. g4 {[%clk 1:49:19]} Kf7 {[%clk 1:18:13]} 53. Ra7+ {[%clk
1:49:35]} Ke6 {[%clk 1:18:37]} 54. Rc7 {[%clk 1:49:05]} Kd6 {[%clk 1:19:03]} 55.
Rc8 {[%clk 1:49:30]} Kd7 {[%clk 1:19:30]} 56. Rc5 {[%clk 1:49:55]} Kd6 {[%clk
1:19:55]} 57. Rd5+ {[%clk 1:50:20]} Ke6 {[%clk 1:20:21]} 58. Rd4 {[%clk 1:50:11]}
Ke5 {[%clk 1:20:47]} 59. Rd1 {[%clk 1:50:36]} Rxc4 {[%clk 1:21:10]} 60. Re1+
{[%clk 1:51:01]} Kd6 {[%clk 1:21:19]} 61. Kh5 {[%clk 1:51:15]} Rc2 {[%clk
1:20:56]} 62. g5 {[%clk 1:51:40]} Rh2+ {[%clk 1:21:16]} 63. Kg6 {[%clk 1:52:04]}
Rg2 {[%clk 1:21:18]} 64. Kh6 {[%clk 1:52:21]} Rh2+ {[%clk 1:20:05]} 65. Kg7
{[%clk 1:52:49]} Rg2 {[%clk 1:20:30]} 66. g6 {[%clk 1:53:10]} Rg3 {[%clk
1:20:52]} 67. Kh7 {[%clk 1:53:35]} Rh3+ {[%clk 1:21:03]} 68. Kg8 {[%clk 1:54:02]}
Rg3 {[%clk 1:21:16]} 69. g7 {[%clk 1:54:25]} Rh3 {[%clk 1:21:09]} 70. Kf8 {[%clk
1:51:44]} Rf3+ {[%clk 1:21:29]} 71. Ke8 {[%clk 1:52:08]} Rg3 {[%clk 1:21:46]} 72.
Re7 {[%clk 1:52:32]} Ra3 {[%clk 1:21:13]} 73. Kf8 {[%clk 1:52:56]} Rg3 {[%clk
1:21:25]} 74. Rf7 {[%clk 1:53:15]} Ke6 {[%clk 1:21:44]} 75. g8Q {[%clk 1:53:37]}
1-0

[Event "46th Greek Team Championship"]
[Site "chess24.com"]
[Date "2018.07.15"]
[Round "7"]
[White "Ilia, Anastasia"]
[Black "Bania, Eleni"]
[Result "1-0"]
[Board "6"]
[WhiteElo "1348"]
[WhiteCountry "GRE"]
[WhiteFideId "25801368"]
[WhiteEloChange "10"]
[BlackElo "1349"]
[BlackCountry "GRE"]
[BlackFideId "4291824"]
[BlackEloChange "-10"]

1. e4 {[%clk 1:30:57]} e5 {[%clk 1:30:51]} 2. Nf3 {[%clk 1:31:15]} Nc6 {[%clk
1:31:15]} 3. Bc4 {[%clk 1:31:39]} Bc5 {[%clk 1:31:42]} 4. O-O {[%clk 1:31:52]}
Nf6 {[%clk 1:31:18]} 5. d3 {[%clk 1:32:11]} d6 {[%clk 1:31:12]} 6. c3 {[%clk
1:32:30]} O-O {[%clk 1:30:19]} 7. a4 {[%clk 1:31:35]} a6 {[%clk 1:25:23]} 8. Bg5
{[%clk 1:30:41]} h6 {[%clk 1:21:55]} 9. Bh4 {[%clk 1:29:51]} Bg4 {[%clk 1:15:17]}
10. h3 {[%clk 1:29:37]} Be6 {[%clk 1:14:16]} 11. Bxe6 {[%clk 1:25:49]} fxe6
{[%clk 1:14:40]} 12. d4 {[%clk 1:16:06]} exd4 {[%clk 1:12:02]} 13. cxd4 {[%clk
1:16:30]} Ba7 {[%clk 1:09:15]} 14. e5 {[%clk 1:00:31]} dxe5 {[%clk 1:09:34]} 15.
dxe5 {[%clk 1:00:45]} Qxd1 {[%clk 1:09:53]} 16. Rxd1 {[%clk 1:01:12]} Nh5 {[%clk
1:05:29]} 17. Kh2 {[%clk 0:57:11]} g5 {[%clk 1:04:12]} 18. Bg3 {[%clk 0:57:36]}
Rad8 {[%clk 1:03:27]} 19. Nc3 {[%clk 0:56:52]} Nd4 {[%clk 1:02:12]} 20. Kh1
{[%clk 0:40:09]} Nxf3 {[%clk 1:01:17]} 21. Rxd8 {[%clk 0:40:26]} Rxd8 {[%clk
1:01:29]} 22. gxf3 {[%clk 0:40:45]} Nxg3+ {[%clk 0:59:38]} 23. fxg3 {[%clk
0:41:10]} Rd2 {[%clk 0:58:20]} 24. Rd1 {[%clk 0:38:12]} Rxd1+ {[%clk 0:52:52]}
25. Nxd1 {[%clk 0:38:37]} Bd4 {[%clk 0:53:19]} 26. f4 {[%clk 0:38:48]} gxf4
{[%clk 0:53:45]} 27. gxf4 {[%clk 0:39:03]} Kf7 {[%clk 0:51:15]} 28. Kg2 {[%clk
0:38:47]} Kg6 {[%clk 0:51:32]} 29. Kf3 {[%clk 0:38:16]} Kf5 {[%clk 0:51:53]} 30.
b3 {[%clk 0:34:25]} b5 {[%clk 0:46:10]} 31. axb5 {[%clk 0:34:13]} axb5 {[%clk
0:46:35]} 32. b4 {[%clk 0:33:09]} c5 {[%clk 0:46:36]} 33. bxc5 {[%clk 0:33:06]}
Bxc5 {[%clk 0:47:01]} 34. Nb2 {[%clk 0:32:35]} Bd4 {[%clk 0:42:28]} 35. Nd3
{[%clk 0:32:49]} Bc3 {[%clk 0:42:09]} 36. Ke3 {[%clk 0:24:50]} Ba5 {[%clk
0:33:20]} 37. Nc1 {[%clk 0:24:27]} Bb6+ {[%clk 0:32:51]} 38. Kf3 {[%clk 0:24:51]}
b4 {[%clk 0:31:13]} 39. Nb3 {[%clk 0:25:08]} Bg1 {[%clk 0:31:29]} 40. Nc1 {[%clk
0:54:11]} Bh2 {[%clk 1:01:30]} 41. Ne2 {[%clk 0:54:32]} b3 {[%clk 0:56:10]} 42.
Nd4+ {[%clk 0:54:55]} Kg6 {[%clk 0:56:27]} 43. Nxb3 {[%clk 0:55:21]} Bg1 {[%clk
0:56:00]} 44. Ke4 {[%clk 0:55:01]} Bb6 {[%clk 0:51:52]} 45. Nd2 {[%clk 0:50:42]}
Kh5 {[%clk 0:49:04]} 46. Nc4 {[%clk 0:48:34]} Bc5 {[%clk 0:44:10]} 47. Nd6 {[%clk
0:48:48]} Kg6 {[%clk 0:43:49]} 48. f5+ {[%clk 0:44:56]} exf5+ {[%clk 0:44:01]}
49. Nxf5 {[%clk 0:45:20]} Kg5 {[%clk 0:43:28]} 50. Nd6 {[%clk 0:34:59]} Kg6
{[%clk 0:38:11]} 51. Kd5 {[%clk 0:35:13]} Bf2 {[%clk 0:38:11]} 52. Ke6 {[%clk
0:34:45]} Bh4 {[%clk 0:38:09]} 53. Kd7 {[%clk 0:35:01]} Bg5 {[%clk 0:36:22]} 54.
e6 {[%clk 0:34:43]} Kg7 {[%clk 0:26:53]} 55. h4 {[%clk 0:34:02]} Kg6 {[%clk
0:24:10]} 56. hxg5 {[%clk 0:34:24]} h5 {[%clk 0:24:03]} 57. e7 {[%clk 0:34:31]}
Kxg5 {[%clk 0:24:21]} 58. e8Q {[%clk 0:34:50]} Kg4 {[%clk 0:24:43]} 59. Qg6+
{[%clk 0:35:03]} Kh4 {[%clk 0:25:03]} 60. Nf5+ {[%clk 0:35:25]} 1-0

[Event "46th Greek Team Championship"]
[Site "chess24.com"]
[Date "2018.07.15"]
[Round "7"]
[White "Georgiou, Kostantinos"]
[Black "Sadzikowski, Daniel"]
[Result "0-1"]
[Board "1"]
[WhiteElo "2242"]
[WhiteCountry "GRE"]
[WhiteFideId "4205634"]
[WhiteEloChange "-3"]
[BlackElo "2567"]
[BlackTitle "GM"]
[BlackCountry "POL"]
[BlackFideId "1132253"]
[BlackEloChange "1"]

1. e4 {[%clk 1:30:57]} c5 {[%clk 1:30:54]} 2. Nc3 {[%clk 1:31:14]} Nc6 {[%clk
1:30:28]} 3. Nf3 {[%clk 1:30:54]} g6 {[%clk 1:30:55]} 4. d4 {[%clk 1:29:46]} cxd4
{[%clk 1:31:21]} 5. Nxd4 {[%clk 1:30:10]} Bg7 {[%clk 1:31:48]} 6. Nb3 {[%clk
1:30:06]} Nf6 {[%clk 1:31:50]} 7. Be2 {[%clk 1:29:24]} d6 {[%clk 1:32:12]} 8. O-O
{[%clk 1:29:32]} O-O {[%clk 1:32:35]} 9. Bg5 {[%clk 1:22:50]} a6 {[%clk 1:32:06]}
10. Kh1 {[%clk 1:19:43]} b5 {[%clk 1:30:46]} 11. a3 {[%clk 1:19:23]} Be6 {[%clk
1:20:22]} 12. f4 {[%clk 1:18:12]} Rc8 {[%clk 1:10:35]} 13. Bf3 {[%clk 1:03:01]}
Bc4 {[%clk 1:05:40]} 14. Re1 {[%clk 1:02:49]} Re8 {[%clk 0:56:00]} 15. Rc1 {[%clk
0:55:03]} Nd7 {[%clk 0:36:40]} 16. Bg4 {[%clk 0:47:00]} Rc7 {[%clk 0:23:05]} 17.
Re3 {[%clk 0:41:07]} Nf6 {[%clk 0:19:39]} 18. Bf3 {[%clk 0:31:56]} h6 {[%clk
0:12:51]} 19. Bh4 {[%clk 0:30:24]} Rc8 {[%clk 0:11:06]} 20. Nd5 {[%clk 0:28:15]}
e6 {[%clk 0:10:45]} 21. Nc3 {[%clk 0:22:19]} Nxe4 {[%clk 0:08:29]} 22. Rxe4
{[%clk 0:12:36]} Qxh4 {[%clk 0:08:54]} 23. f5 {[%clk 0:12:09]} Qe7 {[%clk
0:08:39]} 24. fxg6 {[%clk 0:11:17]} fxg6 {[%clk 0:06:20]} 25. Rg4 {[%clk
0:07:09]} Ne5 {[%clk 0:06:27]} 26. Rg3 {[%clk 0:07:32]} Bxb3 {[%clk 0:06:41]} 27.
cxb3 {[%clk 0:07:53]} d5 {[%clk 0:06:59]} 28. Rb1 {[%clk 0:06:59]} Qf6 {[%clk
0:05:11]} 29. Qd2 {[%clk 0:06:10]} g5 {[%clk 0:04:56]} 30. Ne2 {[%clk 0:04:08]}
Qf5 {[%clk 0:03:18]} 31. Re1 {[%clk 0:01:22]} Qc2 {[%clk 0:01:39]} 32. Qa5 {[%clk
0:00:52]} Nxf3 {[%clk 0:01:11]} 33. gxf3 {[%clk 0:00:38]} Qxb2 {[%clk 0:00:47]}
34. Qxa6 {[%clk 0:00:32]} Qxb3 {[%clk 0:00:37]} 35. f4 {[%clk 0:00:37]} Qc4
{[%clk 0:00:34]} 36. fxg5 {[%clk 0:00:48]} Qe4+ {[%clk 0:00:42]} 37. Rg2 {[%clk
0:01:08]} hxg5 {[%clk 0:00:44]} 38. Qxb5 {[%clk 0:00:59]} Rf8 {[%clk 0:01:07]}
39. Rg1 {[%clk 0:00:41]} Bh6 {[%clk 0:00:38]} 40. Ng3 {[%clk 0:30:40]} Qf3 {[%clk
0:30:35]} 41. Qb1 {[%clk 0:26:48]} Qf7 {[%clk 0:27:42]} 42. Qd1 {[%clk 0:21:57]}
Rc4 {[%clk 0:25:00]} 43. a4 {[%clk 0:20:01]} Ra8 {[%clk 0:18:10]} 44. a5 {[%clk
0:15:32]} Rxa5 {[%clk 0:17:04]} 45. Nh5 {[%clk 0:15:07]} Rac5 {[%clk 0:08:32]}
46. Qd2 {[%clk 0:11:29]} Qxh5 {[%clk 0:08:05]} 47. Rxg5+ {[%clk 0:11:49]} Bxg5
{[%clk 0:08:32]} 48. Rxg5+ {[%clk 0:12:11]} Kf8 {[%clk 0:07:58]} 49. Rxh5 {[%clk
0:10:46]} Rc1+ {[%clk 0:08:26]} 50. Kg2 {[%clk 0:09:55]} R5c2 {[%clk 0:08:43]}
51. Qxc2 {[%clk 0:10:01]} Rxc2+ {[%clk 0:09:11]} 52. Kf3 {[%clk 0:10:25]} Ke7
{[%clk 0:09:19]} 53. Rh8 {[%clk 0:10:39]} Kf6 {[%clk 0:07:57]} 54. Rh6+ {[%clk
0:09:33]} Ke5 {[%clk 0:07:55]} 55. Rh5+ {[%clk 0:09:52]} Kd4 {[%clk 0:07:22]} 56.
Rh4+ {[%clk 0:10:16]} Kd3 {[%clk 0:06:48]} 57. Rh5 {[%clk 0:08:06]} Re2 {[%clk
0:06:50]} 58. h4 {[%clk 0:08:31]} e5 {[%clk 0:07:04]} 59. Rg5 {[%clk 0:08:00]} d4
{[%clk 0:04:37]} 60. h5 {[%clk 0:08:16]} e4+ {[%clk 0:03:16]} 61. Kg3 {[%clk
0:08:04]} Ra2 {[%clk 0:02:50]} 62. h6 {[%clk 0:06:37]} e3 {[%clk 0:02:15]} 63. h7
{[%clk 0:05:36]} e2 {[%clk 0:02:20]} 64. Kf2 {[%clk 0:01:46]} Ra8 {[%clk
0:01:34]} 65. Ra5 {[%clk 0:00:32]} Rf8+ {[%clk 0:01:35]} 0-1